Los Cortes de ruta en la escala de luchas de los obreros jujeños /
Salvato in:
| Autore principale: | |
|---|---|
| Altri autori: | |
| Natura: | testo |
| Soggetti: | |
| Tags: |
Aggiungi Tag
Nessun Tag, puoi essere il primo ad aggiungerne!!
|
MARC
| LEADER | 00000 a a2200000 04500 | ||
|---|---|---|---|
| 001 | 12652 | ||
| 003 | |||
| 040 | |||
| 100 | |a Gómez, Elizabeth | ||
| 245 | |a Los Cortes de ruta en la escala de luchas de los obreros jujeños / |c Elizabeth Gómez ; Federico Kindgard | ||
| 650 | |a MOVIMIENTOS SOCIALES | ||
| 650 | |a POLITICA ECONOMICA | ||
| 650 | |a POLITICA FISCAL | ||
| 650 | |a DESEMPLEADOS | ||
| 700 | |a Kindgard, Federico | ||
| 773 | |g volumen 5, número 5 (37); páginas 113-131 | ||
| 999 | |c 35823 |d 35823 | ||
